=LDR 00000nam 2200000 4500 =001 INLIS000000000025468 =005 20130612123956 =008 ***********************************Ind** =035 ##$$0010-061300000025468 =041 ##$$a Ind =082 ##$$a 630 =090 ##$$a 630, Gun t =100 ##$$a Gunawan, Livy Winata =245 ##$$a Teknik kultur dalam hertikultura, Livy Winata Gunawan =260 ##$$a 1995 $b Jakarta =300 ##$$a 115 hlm, 21 cm =650 ##$$a Teknik =850 ##$$a NBPNMAT